| 000 | 01184nam a2200217 a 4500 | ||
|---|---|---|---|
| 001 | ASIN0954381130 | ||
| 003 | OSt | ||
| 005 | 20170105102904.0 | ||
| 008 | 131021s2004 xxu eng d | ||
| 020 |
_a0954381130 (hardcover) _c$250.00 |
||
| 020 | _a9780954381134 (hardcover) | ||
| 040 | _aa | ||
| 082 |
_a341.42 _bBOR 2004 |
||
| 245 | 0 | 0 |
_aBorder & territorial dispute of the world / _cedited by Peter Calvert. |
| 250 | _a4th ed. | ||
| 260 |
_a[S.l.] : _bJohn Harper Pub, _c2004. |
||
| 300 |
_a580 p. ; _c31 cm. |
||
| 520 | _aDisputes over territory remain a potent source of conflict in many parts of the world. Border and Territorial Disputes of the World is packed with information on 100 such disputes. Each entry provides a wealth of historical and current data - origin, developments, current status - and is illustrated by a map. This resource covers major disputes such as: Israel and its Arab neighbors Kashmir The division of Korea Iran and Iraq Iraq and Kuwait China and Taiwan Divided Cyprus As well as dozens of other major and lesser known disputes. | ||
| 856 | 4 | 0 |
_3Amazon.com _uhttp://www.amazon.com/exec/obidos/ASIN/0954381130/chopaconline-20 |
| 942 |
_2ddc _cBK |
||
| 999 |
_c14782 _d14782 |
||